Statistics for NFL Players who died during their career

Click here to take the quiz!

General Stats

  • This quiz has been taken 11 times
  • The average score is 10 of 71

Answer Stats

YearTeamPos.AgeCausePlayer% Correct
2022PITQB24Struck by VehicleDwayne Haskins
91%
1992PHIDT27Car AccidentJerome Brown
73%
2012DALLB25Car AccidentJerry Brown
73%
2007SWAS24MurderedSean Taylor
73%
2000LBKAN33Pulmonary EmbolismDerrick Thomas
55%
2009DEDET29Boating AccidentCorey Smith
45%
2007CBDEN24MurderedDarrent Williams
45%
2009CINWR26Fell Out of Back of VehicleChris Henry
36%
2018LBIND26Car CrashEdwin Jackson
36%
1963CLERB23LeukemiaErnie Davis
36%
2001OTMIN27Heat StrokeKorey Stringer
36%
1963RBKAN23Neck Injury (In Game)Stone Johnson
36%
2010CHIDE26Cardiac ArrestGaines Adams
27%
1970FBCHI26Embryonal cell carcinomaBrian Piccolo
18%
2000SOAK31Stomach CancerEric Turner
18%
2022BALLB26Drug ODJaylon Ferguson
18%
2022ARICB25Car CrashJeff Gladney
18%
1983KANRB24DrowningJoe Delaney
18%
2012KANLB25SuicideJovan Belcher
18%
1983MIALB28Heart AttackLarry Gordon
18%
1965KANFB25Pulmonary EmbolismMack Lee Hill
18%
2007NEPDE24DrownedMarquise Hill
18%
2012WRTEN25SuicideO.J. Murdock
18%
2016LBBAL23Motorcycle CrashTray Walker
18%
1976PHIDE26MurderedBlenda Gay
9%
2007RBDEN24Cardiac FailureDamien Nash
9%
1993SLAR34Heart AttackDave Waymer
9%
1986SCLE23Drug ODDon Rogers
9%
2000RBCAR24MurderedFred Lane
9%
1963DTPIT31Drug ODGene Lipscomb
9%
2010WRDEN23SuicideKenny McKinley
9%
2009OAKLB26Boating AccidentMarquis Cooper
9%
1960LACWR24Diabetic ReactionRalph Anderson
9%
1996SDCRB26Plane CrashRodney Culver
9%
1964CHIRB29Car CrashWillie Gallimore
9%
1979LBATL24Car CrashAndy Spiva
0%
1962LBSDC28Car CrashBob Laraba
0%
1964CHITE28Car CrashBo Farrington
0%
1989ATLTE24Car AccidentBrad Beckman
0%
1999INDIOL22Car AccidentBrandon Burlsworth
0%
1968FBKAN26Car CrashBruce McLenna
0%
1925PRVRB23Crushed by CraneChris Hammill
0%
1971DETWR28Cardiac Arrest (In Game)Chuck Hughes
0%
1954DTWAS26Heart AttackDave Sparks
0%
1988ATLCB30Drug ODDavid Croudip
0%
1995SDCLB28Car CrashDavid Griggs
0%
1984RBMIA25Car CrashDavid Overstreet
0%
1963CLES25Accidental ElectrocutionDon Fleming
0%
1992DETIOL25Car AccidentEric Andolsek
0%
1969CINLB29Blood CotFrank Buncom
0%
1990DTCHI23Car CrashFred Washington
0%
1960NYJIOL26Neck Injury (In Game)Howard Glenn
0%
1993HOUDT25SuicideJeff Alm
0%
1947CHIP26Plane CrashJeff Burkett
0%
1972BALCB26SuicideJim Duncan
0%
1979SLCTE28Heart AttackJ.V. Cain
0%
1984LARCB25Esophageal CancerKirk Collins
0%
1998OAKDT22SeizureLeon Bender
0%
1964OTDET21Heart AttackLucien Reeberg
0%
2006CARCB23Car AccidentMarcus Cassell
0%
1935KPIT38Car CrashMose Kelsch
0%
1989OTATL23Car CrashRalph Norwood
0%
1970OAKTE31Car CrashRoger Hagberg
0%
1968RBATL24Motorcyle CrashRon Rector
0%
1981MIALB27Car AccidentRusty Chambers
0%
1992INDDE24MurderedShane Curry
0%
1989DBLAR27Car CrashStacey Toran
0%
1948TCHI27Heart AttackStan Mauldin
0%
1964MINCB22DrowningTerry Dillon
0%
2005SFFIOL23Heart DiseaseThomas Herrion
0%
1979NYGDE24Car AccidentTroy Archer
0%

Score Distribution

Percentile by Number Answered

Percent of People with Each Score

Your Score History

You have not taken this quiz